000 00516nam a2200181Ia 4500
999 _c23333
_d23333
003 OSt
005 20200207112005.0
008 190216s9999||||xx |||||||||||||| ||und||
020 _a9789385045370
040 _coclc
082 _a297.7
_bJAL/M
100 _aJaleel, K T
_91893
245 0 _aMalabarkalapam Oru Punarvayana /
_cK T Jaleel
260 _bChintha Publishers,
_c2016.
_aTrivandrum:
300 _a216p
650 _aIslamic History
942 _cBK
_2ddc
_h297.7
_iJAL/M
_k297.7
_mJAL/M